| 000 | 00813nam a2200229 a 4500 | ||
|---|---|---|---|
| 001 | 40570 | ||
| 003 | BD-RjUL | ||
| 005 | 20211209053237.0 | ||
| 008 | 160504s1962 bg ||||| |||| 00| j ben d | ||
| 020 | _c: Tk. 5.00 | ||
| 035 | _a(BD-RjUL) 40685 | ||
| 040 |
_aBD-RjUL _bben _cBD-RjUL |
||
| 041 | _aben | ||
| 082 |
_223 _a891.443 _bSHS 1962 |
||
| 100 |
_aশামসুদ্দীন, আবুজাফর _9124859 |
||
| 245 | 1 | 0 |
_aশ্রেষ্ঠ গল্প / _cআবুজাফর শামসুদ্দীন |
| 260 |
_aঢাকা : _bনওরোজ কিতাবিস্তান, _c১৯৬২ |
||
| 300 |
_a[৫], ৩২২ পৃ. ; _c২১ সেমি. |
||
| 650 |
_aবাংলা ছোটগল্প _9120351 |
||
| 650 |
_aBengali Short Stories _9124860 |
||
| 942 |
_2ddc _cBK |
||
| 999 |
_c40570 _d40570 |
||